Augustin und der 'Arianismus'

Saved in:  
Bibliographic Details
Main Author: Brennecke, Hanns Christof 1947- (Author)
Format: Print Article
Language:Undetermined language
Check availability: HBZ Gateway
Interlibrary Loan:Interlibrary Loan for the Fachinformationsdienste (Specialized Information Services in Germany)
Published: 19XX
In: Die christlich-philosophischen Diskurse der Spätantike
Pages: 175-187
Further subjects:B Arius Haeresiarcha (260-336)
B Augustinus, Aurelius Saint (354-430) Contra sermonem Arianorum
B Augustinus, Aurelius Saint (354-430) Contra Maximinum Arianorum episcopum
B Augustinus, Aurelius Saint (354-430) Collatio cum Maximino Arianorum episcopo

MARC

LEADER 00000caa a22000002c 4500
001 1827466022
003 DE-627
005 20221219102325.0
007 tu
008 221215n19uuuuuuxx ||||| 00| ||und c
020 |a 9783515090834 
035 |a (DE-627)1827466022 
035 |a (DE-599)KXP1827466022 
040 |a DE-627  |b ger  |c DE-627  |e rakwb 
084 |a 1  |2 ssgn 
100 1 |e VerfasserIn  |0 (DE-588)120941945  |0 (DE-627)080983529  |0 (DE-576)160419832  |4 aut  |a Brennecke, Hanns Christof  |d 1947- 
109 |a Brennecke, Hanns Christof 1947-  |a Brennecke, Hanns-Christof 1947-  |a Brennecke, H. C. 1947-  |a Brennecke, Hanns C. 1947-  |a Brennecke, Hanns Ch. 1947- 
245 1 0 |a Augustin und der 'Arianismus' 
264 1 |c 19XX 
336 |a Text  |b txt  |2 rdacontent 
337 |a ohne Hilfsmittel zu benutzen  |b n  |2 rdamedia 
338 |a Band  |b nc  |2 rdacarrier 
600 0 7 |0 (DE-588)118645781  |0 (DE-627)079431550  |0 (DE-576)20921791X  |a Arius  |c Haeresiarcha  |d 260-336  |2 gnd 
600 1 7 |0 (DE-588)4347237-0  |0 (DE-627)702599328  |0 (DE-576)211481653  |a Augustinus, Aurelius  |c Heiliger  |d 354-430  |t Collatio cum Maximino Arianorum episcopo  |2 gnd 
600 1 7 |0 (DE-588)4347236-9  |0 (DE-627)70259931X  |0 (DE-576)211481645  |a Augustinus, Aurelius  |c Heiliger  |d 354-430  |t Contra Maximinum Arianorum episcopum  |2 gnd 
600 1 7 |0 (DE-588)4346070-7  |0 (DE-627)155495054  |0 (DE-576)211474096  |a Augustinus, Aurelius  |c Heiliger  |d 354-430  |t Contra sermonem Arianorum  |2 gnd 
601 |a Augustiner 
773 0 8 |i Enthalten in  |t Die christlich-philosophischen Diskurse der Spätantike  |d Stuttgart : Steiner, 2008  |g , Seite 175-187  |h 438 S.  |w (DE-627)559210914  |w (DE-576)279026765  |z 3515090835  |z 9783515090834  |7 nnam 
773 1 8 |g pages:175-187 
935 |a AUGU 
951 |a AR 
ELC |b 1 
ITA |a 1  |t 1 
LOK |0 000 xxxxxcx a22 zn 4500 
LOK |0 001 4232667091 
LOK |0 003 DE-627 
LOK |0 004 1827466022 
LOK |0 005 20221224104249 
LOK |0 008 221215||||||||||||||||ger||||||| 
LOK |0 035   |a (DE-Tue135-4)zaf-31560 
LOK |0 040   |a DE-Tue135-4  |c DE-627  |d DE-Tue135-4 
LOK |0 092   |o n 
LOK |0 689   |a p  |0 1826893881  |a Arriani, Arrius 
LOK |0 689   |a t  |0 1826896864  |t Conlatio cum Maximino Arrianorum episcopo = conl. Max.  |x 00 
LOK |0 689   |a t  |0 1826906673  |t Contra Maximinum Arrianum = c. Max.  |x 00 
LOK |0 689   |a t  |0 1826913599  |t Contra sermonem Arrianorum = c. s. Arrian.  |x 00 
LOK |0 852   |a DE-Tue135-4 
LOK |0 852 1  |9 00 
LOK |0 935   |a wumi 
LOK |0 939   |a 15-12-22  |b l01 
ORI |a SA-MARC-ixtheoa001.raw 
SYA 0 0 |a Arius,Scriptor Ecclesiasticus,260-336,Areios,Presbyter,260-336,Arrius,Häretiker,260-336,Arios,Häretiker,260-336,Arius,Presbyter,260-336,Arrius,Haeresiarcha,260-336,Arius,Alexandrinus,260-336,Arius,260-336,Arius,Häretiker,260-336 , Augustinus, Aurelius,Heiliger,354-430,Collatio cum Maximino,Augustinus, Aurelius,Heiliger,354-430,Conlatio cum Maximino Arrianorum episcopo,Augustinus, Aurelius,Heiliger,354-430,Conl. Max. , Augustinus, Aurelius,Heiliger,354-430,Contra Maximinum,Augustinus, Aurelius,Heiliger,354-430,Contra Maximinum Arrianum,Augustinus, Aurelius,Heiliger,354-430,C. Max. , Augustinus, Aurelius,Heiliger,354-430,Contra sermonem Arrianorum,Augustinus, Aurelius,Heiliger,354-430,C. s. Arrian.